[Event "Turkey Cup 2020"]
[Site "Antalya-Belek"]
[Date "2020.01.29"]
[Round "5.97"]
[White "Arslanargun, Zana"]
[Black "Gursu, Ahmet Burak"]
[Result "0-1"]
[WhiteElo "1755"]
[BlackElo "1297"]
[Annotator "NA"]
[PlyCount "54"]
[EventDate "2020.01.26"]
[EventType "swiss"]
[EventCountry "TUR"]
[SourceTitle "playchess.com"]
[Source "ChessBase"]
[SourceQuality "1"]

1. f4 d5 2. Nf3 c5 3. e3 Nc6 4. b3 Nf6 5. Bb2 g6 6. Bb5 Bg7 7. O-O O-O 8. Bxc6 bxc6 9. d3 Bf5 10. Nbd2 Qb6 11. Qe2 Rad8 12. Kh1 c4 13. e4 cxd3 14. cxd3 Bc8 15. exd5 cxd5 16. Bd4 Qb7 17. Ne5 Bf5 18. g4 Nxg4 19. Ndf3 Nxe5 20. fxe5 Qa6 21. Rad1 Rc8 22. h4 h5 23. Ng5 e6 24. b4 Rc7 25. Bc5 Rfc8 26. Rfe1 Bg4 27. Qf2 Bxd1 0-1

[Event "Turkey Cup 2020"]
[Site "Antalya-Belek"]
[Date "2020.01.29"]
[Round "5.98"]
[White "Ates, Serafettin Ulas"]
[Black "Gozubuyukoglu, Selami"]
[Result "0-1"]
[WhiteElo "1393"]
[BlackElo "1716"]
[Annotator "NA"]
[PlyCount "54"]
[EventDate "2020.01.26"]
[EventType "swiss"]
[EventCountry "TUR"]
[SourceTitle "playchess.com"]
[Source "ChessBase"]
[SourceQuality "1"]

1. e4 e5 2. Nf3 Nc6 3. Bc4 Nf6 4. Nc3 Be7 5. d4 exd4 6. Nxd4 O-O 7. Bb3 d6 8. Nxc6 bxc6 9. O-O Nd7 10. Be3 Bf6 11. Bd4 Qe7 12. Re1 Ne5 13. f4 Ng4 14. h3 Nh6 15. Bxf6 Qxf6 16. Qf3 Qh4 17. Rad1 Kh8 18. Ba4 Bb7 19. Qf2 Qh5 20. Ne2 Rg8 21. Nd4 g5 22. fxg5 Rxg5 23. Qf6+ Kg8 24. Rd3 Qh4 25. Rf1 Ba6 26. Nf3 Rxg2+ 27. Kxg2 Qxf6 0-1

[Event "Turkey Cup 2020"]
[Site "Antalya-Belek"]
[Date "2020.01.29"]
[Round "5.99"]
[White "Citil, Feyzullah"]
[Black "Keskec, Yaser"]
[Result "1-0"]
[WhiteElo "1636"]
[BlackElo "1450"]
[Annotator "NA"]
[PlyCount "87"]
[EventDate "2020.01.26"]
[EventType "swiss"]
[EventCountry "TUR"]
[SourceTitle "playchess.com"]
[Source "ChessBase"]
[SourceQuality "1"]

1. e4 c5 2. Nc3 e6 3. f4 d5 4. Bb5+ Nc6 5. Bxc6+ bxc6 6. d3 Bd6 7. e5 Bc7 8. Qg4 g6 9. Qh3 f6 10. Nf3 Qe7 11. O-O Bd7 12. a4 a5 13. Bd2 Qf7 14. Rae1 f5 15. d4 cxd4 16. Nxd4 Bb6 17. Be3 c5 18. Ndb5 Bxb5 19. Nxb5 Qd7 20. Nd6+ Kf8 21. b3 h5 22. Qg3 Ne7 23. Qg5 Rh7 24. c3 d4 25. cxd4 cxd4 26. Bf2 Nd5 27. Qxg6 Qe7 28. Bh4 Qg7 29. Qxe6 Ne3 30. Rf2 d3 31. Rxe3 Bxe3 32. Nxf5 Bxf2+ 33. Kxf2 Qa7+ 34. Ne3 d2 35. Qd6+ Kg8 36. Qd5+ Rf7 37. Bf6 Qd7 38. Qxa8+ Rf8 39. Qe4 Rc8 40. Qg6+ Kf8 41. Qh6+ Kg8 42. Qh8+ Kf7 43. Qg7+ Ke6 44. f5# 1-0

[Event "Turkey Cup 2020"]
[Site "Antalya-Belek"]
[Date "2020.01.29"]
[Round "5.100"]
[White "Ozturk, Oguzhan"]
[Black "Nay, Ali Dogan"]
[Result "1-0"]
[WhiteElo "1630"]
[BlackElo "1260"]
[Annotator "NA"]
[PlyCount "67"]
[EventDate "2020.01.26"]
[EventType "swiss"]
[EventCountry "TUR"]
[SourceTitle "playchess.com"]
[Source "ChessBase"]
[SourceQuality "1"]

1. d4 d5 2. c4 Nf6 3. Nc3 e6 4. cxd5 Nxd5 5. e4 Nf6 6. a3 c5 7. Nf3 cxd4 8. Qxd4 Qxd4 9. Nxd4 Bc5 10. Ndb5 Na6 11. f3 O-O 12. b4 Bb6 13. Na4 Bd7 14. Nxb6 axb6 15. Bb2 Bxb5 16. Bxb5 Nc7 17. Bd3 Rfd8 18. Ke2 Nfe8 19. Rhc1 Rd7 20. Ke3 Rad8 21. Be2 Nd6 22. Rc2 f6 23. Rac1 Ncb5 24. a4 Na7 25. b5 Ra8 26. Rc7 Rxc7 27. Rxc7 Nac8 28. Bd1 Ne8 29. Rd7 Kf8 30. Bb3 Ned6 31. Ba3 Ke8 32. Rxg7 Nxb5 33. Bb4 Nbd6 34. Bxd6 1-0

[Event "Turkey Cup 2020"]
[Site "Antalya-Belek"]
[Date "2020.01.29"]
[Round "5.101"]
[White "Yalovali, Gorkem"]
[Black "Celik, Eylul"]
[Result "0-1"]
[WhiteElo "1420"]
[BlackElo "1865"]
[Annotator "NA"]
[PlyCount "60"]
[EventDate "2020.01.26"]
[EventType "swiss"]
[EventCountry "TUR"]
[SourceTitle "playchess.com"]
[Source "ChessBase"]
[SourceQuality "1"]

1. e4 c5 2. Nf3 e6 3. Nc3 a6 4. d4 cxd4 5. Nxd4 Qb6 6. Nb3 Qc7 7. a3 Nf6 8. Bd3 b5 9. O-O Bb7 10. Qe2 d6 11. Be3 Nbd7 12. f4 Be7 13. Nd4 Nc5 14. Bf2 d5 15. e5 Nfe4 16. Bxe4 Nxe4 17. Nd1 Qc4 18. Qe3 Bc5 19. c3 Ba7 20. Qe1 O-O 21. Ne3 Qc7 22. Qe2 Rac8 23. Bh4 Nxc3 24. bxc3 Qxc3 25. Ng4 Bxd4+ 26. Kh1 Qc2 27. Nf6+ Kh8 28. Qg4 Bxa1 29. f5 Qxf5 30. Rxa1 Qxg4 0-1

[Event "Turkey Cup 2020"]
[Site "Antalya-Belek"]
[Date "2020.01.29"]
[Round "5.102"]
[White "Pulat, Gulce"]
[Black "Eren, Alper"]
[Result "1/2-1/2"]
[WhiteElo "1539"]
[BlackElo "1846"]
[Annotator "NA"]
[PlyCount "140"]
[EventDate "2020.01.26"]
[EventType "swiss"]
[EventCountry "TUR"]
[SourceTitle "playchess.com"]
[Source "ChessBase"]
[SourceQuality "1"]

1. e4 d6 2. f4 g6 3. Nc3 Bg7 4. Nf3 c5 5. Bb5+ Bd7 6. Bxd7+ Qxd7 7. O-O Nc6 8. d3 Nf6 9. a3 O-O 10. Qe1 Nd4 11. Nxd4 cxd4 12. Ne2 e5 13. Bd2 Rac8 14. Rc1 Rc6 15. f5 d5 16. Ng3 Rfc8 17. fxg6 fxg6 18. Bg5 dxe4 19. Bxf6 Bxf6 20. Nxe4 Bg7 21. Qd2 Qc7 22. Rf2 Qe7 23. Rcf1 Rf8 24. Qa5 Rxf2 25. Rxf2 Bh6 26. Qd5+ Kg7 27. Rf1 Be3+ 28. Kh1 Rxc2 29. g3 Rc1 30. Rxc1 Bxc1 31. Kg2 Bxb2 32. a4 Bc1 33. h4 Be3 34. Qb5 Kh6 35. Qd5 b6 36. Qb5 Qe6 37. Qb4 Qf7 38. Qd6 Qf5 39. Qe7 a6 40. Qd6 b5 41. axb5 axb5 42. Qe7 g5 43. hxg5+ Bxg5 44. Qd6+ Kg7 45. Qc5 Bf6 46. Qxb5 Qg4 47. Qb7+ Kg6 48. Qb2 h5 49. Qf2 Qf5 50. Qf3 Qxf3+ 51. Kxf3 Be7 52. Nf2 Kf5 53. g4+ hxg4+ 54. Nxg4 Bg5 55. Nf2 Be3 56. Ne4 Bf4 57. Nc5 Bd2 58. Ne4 Bf4 59. Nc5 Bd2 60. Ne4 Be1 61. Nc5 Bb4 62. Ne4 Ke6 63. Kg4 Be1 64. Ng5+ Kd5 65. Ne4 Bb4 66. Kf5 Be7 67. Ng3 Bh4 68. Ne4 Be7 69. Ng3 Bh4 70. Ne4 Be7 1/2-1/2

[Event "Turkey Cup 2020"]
[Site "Antalya-Belek"]
[Date "2020.01.29"]
[Round "6.1"]
[White "Isik, Alparslan"]
[Black "Eren, Ataberk"]
[Result "1/2-1/2"]
[WhiteElo "2328"]
[BlackElo "2274"]
[Annotator "TA"]
[PlyCount "79"]
[EventDate "2020.01.26"]
[EventType "swiss"]
[EventCountry "TUR"]
[SourceTitle "playchess.com"]
[Source "ChessBase"]
[SourceQuality "1"]

1. Nf3 d5 2. e3 Nf6 3. c4 c6 4. Nc3 a6 5. Be2 g6 6. O-O Bg7 7. d4 O-O 8. a4 a5 9. Qb3 e6 10. Qd1 Nbd7 11. b3 Re8 12. Bb2 b6 13. Bd3 Bb7 14. Qe2 Qc7 15. Rac1 Rad8 16. Rfe1 Qb8 17. Rcd1 Qc7 18. Qc2 Qb8 19. h3 c5 20. cxd5 Nxd5 21. Nxd5 Bxd5 22. e4 Bb7 23. Bb5 Re7 24. Ba3 Rc8 25. Qd2 Nf6 26. e5 Nd5 27. dxc5 bxc5 28. Qxa5 Nf4 29. Qc3 Qa8 30. Kh2 Rec7 31. Bc4 h6 32. Bc1 Nd5 33. Qa1 Nb6 34. Be2 c4 35. Be3 Bxf3 36. Bxf3 Qa5 37. Bxb6 Qxb6 38. bxc4 Qa5 39. Re4 Rxc4 40. Rde1 1/2-1/2

[Event "Turkey Cup 2020"]
[Site "Antalya-Belek"]
[Date "2020.01.29"]
[Round "6.2"]
[White "Sevgi, Volkan"]
[Black "Yilmazyerli, Mert"]
[Result "1/2-1/2"]
[WhiteElo "2345"]
[BlackElo "2411"]
[Annotator "TA"]
[PlyCount "21"]
[EventDate "2020.01.26"]
[EventType "swiss"]
[EventCountry "TUR"]
[SourceTitle "playchess.com"]
[Source "ChessBase"]
[SourceQuality "1"]

1. Nf3 Nf6 2. g3 g6 3. d4 Bg7 4. Bg2 O-O 5. O-O d5 6. c4 c6 7. cxd5 cxd5 8. Nc3 Nc6 9. Ne5 Ng4 10. Nf3 Nf6 11. Ne5 1/2-1/2

[Event "Turkey Cup 2020"]
[Site "Antalya-Belek"]
[Date "2020.01.29"]
[Round "6.3"]
[White "Ozen, Deniz"]
[Black "Tarlabasi, Emirhan"]
[Result "1/2-1/2"]
[WhiteElo "2423"]
[BlackElo "2274"]
[Annotator "TA"]
[PlyCount "32"]
[EventDate "2020.01.26"]
[EventType "swiss"]
[EventCountry "TUR"]
[SourceTitle "playchess.com"]
[Source "ChessBase"]
[SourceQuality "1"]

1. e4 e6 2. d4 d5 3. exd5 exd5 4. Nf3 Nc6 5. c3 Bd6 6. Bd3 Nge7 7. O-O Bg4 8. Re1 f6 9. Nbd2 Qd7 10. b4 O-O 11. b5 Nd8 12. c4 c6 13. Qc2 Kh8 14. h3 Bh5 15. Nh4 cxb5 16. cxb5 Ne6 1/2-1/2

[Event "Turkey Cup 2020"]
[Site "Antalya-Belek"]
[Date "2020.01.29"]
[Round "6.4"]
[White "Yaran, Siar"]
[Black "Ozen, Bahadir"]
[Result "1-0"]
[WhiteElo "2248"]
[BlackElo "2389"]
[Annotator "TA"]
[PlyCount "67"]
[EventDate "2020.01.26"]
[EventType "swiss"]
[EventCountry "TUR"]
[SourceTitle "playchess.com"]
[Source "ChessBase"]
[SourceQuality "1"]

1. e4 e5 2. Nf3 Nc6 3. c3 d5 4. Qa4 f6 5. d3 Nge7 6. Nbd2 Bd7 7. Qb3 Na5 8. Qc2 c5 9. a3 Nac6 10. b4 cxb4 11. axb4 Qc8 12. Qa2 Be6 13. b5 Nd8 14. c4 dxc4 15. d4 Ng6 16. Bxc4 Nf4 17. g3 Nd3+ 18. Ke2 Nxc1+ 19. Rhxc1 Bd6 20. b6 Ke7 21. bxa7 b5 22. Bd5 Qd7 23. Qa6 Bxd5 24. exd5 exd4 25. Nxd4 Re8 26. Kf1 Be5 27. d6+ Kf8 28. Nxb5 Bxa1 29. Rxa1 Nc6 30. Nc4 Nb4 31. Qa4 Qc6 32. Kg1 Qxc4 33. Nc7 Qe4 34. Nxe8 1-0

[Event "Turkey Cup 2020"]
[Site "Antalya-Belek"]
[Date "2020.01.29"]
[Round "6.5"]
[White "Aydincelebi, Kagan"]
[Black "Kamer, Kayra"]
[Result "1/2-1/2"]
[WhiteElo "2249"]
[BlackElo "2348"]
[Annotator "TA"]
[PlyCount "31"]
[EventDate "2020.01.26"]
[EventType "swiss"]
[EventCountry "TUR"]
[SourceTitle "playchess.com"]
[Source "ChessBase"]
[SourceQuality "1"]

1. e4 c5 2. Nc3 e6 3. g3 a6 4. Bg2 b5 5. d3 Bb7 6. Nh3 b4 7. Ne2 d5 8. O-O dxe4 9. dxe4 Qxd1 10. Rxd1 Nf6 11. f3 Nbd7 12. Nf2 Be7 13. Bf4 O-O-O 14. c4 Nb8 15. Nd3 Nfd7 16. Ne5 1/2-1/2

[Event "Turkey Cup 2020"]
[Site "Antalya-Belek"]
[Date "2020.01.29"]
[Round "6.6"]
[White "Yurtseven, Melih"]
[Black "Erdogan, Anil Berk"]
[Result "1/2-1/2"]
[WhiteElo "2385"]
[BlackElo "2147"]
[Annotator "TA"]
[PlyCount "43"]
[EventDate "2020.01.26"]
[EventType "swiss"]
[EventCountry "TUR"]
[SourceTitle "playchess.com"]
[Source "ChessBase"]
[SourceQuality "1"]

1. Nf3 c5 2. c4 g6 3. Nc3 Bg7 4. g3 Nc6 5. Bg2 e6 6. O-O Nge7 7. d3 d6 8. Bd2 b6 9. Qc1 Bb7 10. Bh6 Bxh6 11. Qxh6 Nf5 12. Qd2 h5 13. e3 h4 14. d4 Qe7 15. d5 h3 16. Bh1 Ne5 17. Nxe5 dxe5 18. Qc2 Nd6 19. Ne4 Nxe4 20. Bxe4 O-O-O 21. dxe6 Qxe6 22. f3 1/2-1/2

[Event "Turkey Cup 2020"]
[Site "Antalya-Belek"]
[Date "2020.01.29"]
[Round "6.7"]
[White "Soylu, Suat"]
[Black "Tepe, Efe Can"]
[Result "1/2-1/2"]
[WhiteElo "2329"]
[BlackElo "2137"]
[Annotator "TA"]
[PlyCount "89"]
[EventDate "2020.01.26"]
[EventType "swiss"]
[EventCountry "TUR"]
[SourceTitle "playchess.com"]
[Source "ChessBase"]
[SourceQuality "1"]

1. e4 c5 2. Nc3 Nc6 3. Bb5 g6 4. Bxc6 dxc6 5. d3 Bg7 6. Be3 b6 7. Qd2 Nf6 8. Bh6 O-O 9. Bxg7 Kxg7 10. f4 b5 11. Nf3 c4 12. O-O cxd3 13. cxd3 Qb6+ 14. Kh1 Rd8 15. Ne5 Ng4 16. Nxg4 Bxg4 17. h3 Be6 18. b3 f6 19. Ne2 a5 20. Rac1 b4 21. Qc2 Bf7 22. d4 Qb5 23. Rfe1 a4 24. Qxc6 Qxc6 25. Rxc6 Rdc8 26. Rxc8 Rxc8 27. Rc1 axb3 28. axb3 Ra8 29. d5 f5 30. exf5 Ra2 31. Nd4 Bxd5 32. Rc2 Bxb3 33. Rc5 Bf7 34. Rb5 Rb2 35. fxg6 hxg6 36. f5 gxf5 37. Nxf5+ Kf6 38. Nd4 b3 39. Rf5+ Kg7 40. Rb5 Bc4 41. Rc5 Bd3 42. Rc3 Be4 43. Rg3+ Kf6 44. Nxb3 Bxg2+ 45. Rxg2 1/2-1/2

[Event "Turkey Cup 2020"]
[Site "Antalya-Belek"]
[Date "2020.01.29"]
[Round "6.8"]
[White "Guven, Oguz Kagan"]
[Black "Ozer, Omer Faruk"]
[Result "1/2-1/2"]
[WhiteElo "2143"]
[BlackElo "2338"]
[Annotator "NA RC"]
[PlyCount "100"]
[EventDate "2020.01.26"]
[EventType "swiss"]
[EventCountry "TUR"]
[SourceTitle "playchess.com"]
[Source "ChessBase"]
[SourceQuality "1"]

1. Nf3 Nf6 2. c4 e6 3. g3 b6 4. Bg2 Bb7 5. O-O g6 6. d4 Bg7 7. Bf4 d6 8. Nc3 Ne4 9. Nxe4 Bxe4 10. Qd2 h6 11. Rac1 Nd7 12. Be3 Nf6 13. c5 dxc5 14. dxc5 Qxd2 15. Bxd2 Nd5 16. Rc4 f5 17. Nd4 Bxg2 18. Kxg2 Kf7 19. b3 e5 20. Nc6 b5 21. Rc2 Rhe8 22. Rd1 Re6 23. Ba5 Rxc6 24. Rxd5 Ke8 25. Rcd2 Bf6 26. Bc3 Be7 27. Rxe5 a5 28. Re3 b4 29. Bg7 Rd8 30. Rc2 h5 31. Bh6 Rd7 32. Bg5 Kf7 33. Bxe7 Rxe7 34. Rxe7+ Kxe7 35. Kf3 Re6 36. h4 Re5 37. Kf4 Rd5 38. Kg5 Kf7 39. c6 Kg7 40. e3 Kf7 41. Rc4 f4+ 42. Kxf4 Rf5+ 43. Ke4 Rxf2 44. a3 bxa3 45. Ra4 a2 46. Rxa5 Ke6 47. b4 Kd6 48. Ra6 Rb2 49. Kf3 Rxb4 50. Rxa2 Kxc6 1/2-1/2

[Event "Turkey Cup 2020"]
[Site "Antalya-Belek"]
[Date "2020.01.29"]
[Round "6.9"]
[White "Kesgin, Halit Kaan"]
[Black "Ozenir, Ekin Baris"]
[Result "1-0"]
[WhiteElo "2061"]
[BlackElo "2285"]
[Annotator "NA"]
[PlyCount "87"]
[EventDate "2020.01.26"]
[EventType "swiss"]
[EventCountry "TUR"]
[SourceTitle "playchess.com"]
[Source "ChessBase"]
[SourceQuality "1"]

1. e4 c6 2. d4 d5 3. Nd2 dxe4 4. Nxe4 Bf5 5. Ng3 Bg6 6. N1e2 e6 7. Nf4 Bd6 8. c3 Qc7 9. Nfh5 Bxh5 10. Nxh5 g6 11. Ng3 Nf6 12. Qf3 Nbd7 13. Bd3 h6 14. Bd2 O-O-O 15. O-O-O Rde8 16. Kb1 Kb8 17. Rhe1 Ka8 18. Nf1 Bf8 19. Bf4 Qb6 20. Ne3 Qa5 21. h3 Be7 22. Bh2 Rhf8 23. Rc1 h5 24. Red1 Rc8 25. g4 hxg4 26. hxg4 Nb6 27. Be5 Nbd7 28. Bg3 Nb6 29. c4 g5 30. Bf1 Qb4 31. Rc3 Qa4 32. c5 Nbd5 33. Ra3 Qxa3 34. bxa3 Nc3+ 35. Kc2 Nxd1 36. Qxd1 Rfd8 37. Qa1 Ne4 38. Be5 f6 39. Bh2 Rh8 40. Bg1 f5 41. gxf5 exf5 42. Nxf5 Bf6 43. Qd1 Rhe8 44. f3 1-0

[Event "Turkey Cup 2020"]
[Site "Antalya-Belek"]
[Date "2020.01.29"]
[Round "6.11"]
[White "Dolgun, Can"]
[Black "Karaoglan, Kivanc"]
[Result "0-1"]
[WhiteElo "2266"]
[BlackElo "2123"]
[Annotator "NA"]
[PlyCount "100"]
[EventDate "2020.01.26"]
[EventType "swiss"]
[EventCountry "TUR"]
[SourceTitle "playchess.com"]
[Source "ChessBase"]
[SourceQuality "1"]

1. e4 e6 2. d4 d5 3. Nd2 c5 4. exd5 Qxd5 5. dxc5 Nf6 6. Ngf3 Qxc5 7. Bc4 Be7 8. Qe2 Qc7 9. Ne5 Nbd7 10. Ndf3 Nxe5 11. Nxe5 O-O 12. O-O Bd6 13. f4 Nd7 14. Ng4 h5 15. Ne3 Bxf4 16. Kh1 Nf6 17. Bd3 e5 18. Nf5 Bxf5 19. Bxf5 Bxc1 20. Raxc1 g6 21. Bd3 Nd5 22. Bc4 Nf4 23. Qe4 Qc6 24. Rce1 Rae8 25. g3 Qxe4+ 26. Rxe4 Nh3 27. Bd5 Re7 28. Rb4 b6 29. a4 Rd8 30. c4 Kg7 31. Kg2 Ng5 32. a5 Rd6 33. axb6 axb6 34. Re1 f5 35. Re3 e4 36. Kf2 Nf3 37. Reb3 Nd4 38. Rxb6 Rxb6 39. Rxb6 e3+ 40. Ke1 e2 41. Be6 Rxe6 42. Rxe6 Nxe6 43. b4 Kf6 44. Kxe2 Ke5 45. Kd3 g5 46. c5 Nd4 47. Kc4 f4 48. gxf4+ gxf4 49. b5 f3 50. c6 f2 0-1

[Event "Turkey Cup 2020"]
[Site "Antalya-Belek"]
[Date "2020.01.29"]
[Round "6.12"]
[White "Gulbeyaz, Emir"]
[Black "Yilmaz, Goktan"]
[Result "0-1"]
[WhiteElo "2121"]
[BlackElo "2265"]
[Annotator "NA"]
[PlyCount "97"]
[EventDate "2020.01.26"]
[EventType "swiss"]
[EventCountry "TUR"]
[SourceTitle "playchess.com"]
[Source "ChessBase"]
[SourceQuality "1"]

1. d4 d5 2. Bf4 Nf6 3. e3 c5 4. c3 Qb6 5. Qc2 Nc6 6. Nf3 g6 7. Bd3 c4 8. Be2 Bf5 9. Qc1 Bg7 10. h3 O-O 11. Nbd2 Rfc8 12. O-O Qd8 13. Ne5 Nxe5 14. Bxe5 b5 15. g4 Bd7 16. Bf3 Bc6 17. Bg2 Ne4 18. Bh2 Nxd2 19. Qxd2 Qd7 20. Rae1 Re8 21. e4 dxe4 22. Bxe4 Bxe4 23. Rxe4 e5 24. Rfe1 exd4 25. Rxe8+ Rxe8 26. Rxe8+ Qxe8 27. cxd4 Qe4 28. d5 Qd3 29. Qg5 f6 30. Qf4 Qd1+ 31. Kg2 Qxd5+ 32. Kg1 h5 33. Bg3 hxg4 34. hxg4 Kh7 35. Kh2 a5 36. a3 b4 37. a4 Qc5 38. Qf3 c3 39. bxc3 Qxc3 40. Qb7 b3 41. Bd6 b2 42. Bf8 f5 43. g5 Qe5+ 44. f4 Qxf4+ 45. Kh3 Qe3+ 46. Kh4 Qd4+ 47. Kg3 Qe3+ 48. Kh2 Qe5+ 49. Kh3 0-1

[Event "Turkey Cup 2020"]
[Site "Antalya-Belek"]
[Date "2020.01.29"]
[Round "6.13"]
[White "Citak, Selim"]
[Black "Kul, Ozdemir Efe"]
[Result "1/2-1/2"]
[WhiteElo "2198"]
[BlackElo "1979"]
[Annotator "NA"]
[PlyCount "44"]
[EventDate "2020.01.26"]
[EventType "swiss"]
[EventCountry "TUR"]
[SourceTitle "playchess.com"]
[Source "ChessBase"]
[SourceQuality "1"]

1. d4 Nf6 2. c4 g6 3. Nc3 d5 4. cxd5 Nxd5 5. e4 Nxc3 6. bxc3 Bg7 7. Be3 c5 8. Qd2 Qa5 9. Nf3 Nc6 10. Rb1 cxd4 11. cxd4 Qxd2+ 12. Kxd2 O-O 13. d5 Rd8 14. Bd3 Ne5 15. Nxe5 Bxe5 16. Rhc1 f5 17. f4 fxe4 18. Bxe4 Bd6 19. Ke2 b6 20. Kf3 Bd7 21. g4 Rf8 22. h4 h5 1/2-1/2

[Event "Turkey Cup 2020"]
[Site "Antalya-Belek"]
[Date "2020.01.29"]
[Round "6.14"]
[White "Yelligedik, Murat"]
[Black "Samani, Yamac"]
[Result "1-0"]
[WhiteElo "2056"]
[BlackElo "2259"]
[Annotator "NA"]
[PlyCount "197"]
[EventDate "2020.01.26"]
[EventType "swiss"]
[EventCountry "TUR"]
[SourceTitle "playchess.com"]
[Source "ChessBase"]
[SourceQuality "1"]

1. d4 Nf6 2. Bf4 c5 3. e3 d5 4. Nc3 e6 5. Nb5 Na6 6. c3 Be7 7. h3 O-O 8. Nf3 Bd7 9. a4 c4 10. Be2 Ne4 11. O-O Qb6 12. Nd2 Nxd2 13. Qxd2 Bxb5 14. axb5 Nc7 15. b3 cxb3 16. Rfb1 Nxb5 17. Rxb3 a6 18. Rab1 Qc6 19. Bxb5 axb5 20. Rxb5 Ra7 21. Rb6 Qc8 22. Qb2 Bd8 23. Rxb7 Rxb7 24. Qxb7 Qxb7 25. Rxb7 Ba5 26. Bd6 Rc8 27. Bb4 Bxb4 28. cxb4 g6 29. g4 g5 30. Kg2 Kg7 31. b5 Rc1 32. b6 Rb1 33. Rb8 Rb2 34. Kg3 h6 35. Rb7 Rb1 36. h4 Rg1+ 37. Kh2 Rb1 38. hxg5 hxg5 39. Kg2 Kf6 40. Rb8 Rb2 41. Kf1 Rb1+ 42. Ke2 Rb2+ 43. Ke1 Kg7 44. f3 Kf6 45. Kd1 Rb4 46. Kc2 Rb5 47. Kc3 Rb1 48. e4 Rb5 49. exd5 exd5 50. b7 Ke7 51. Rg8 Rxb7 52. Rxg5 Rb5 53. Re5+ Kd6 54. Re1 Ra5 55. Rb1 Kc6 56. Rb3 Ra1 57. Kd2 Ra4 58. Ke3 Kd6 59. Rb6+ Ke7 60. g5 Rc4 61. f4 Rc3+ 62. Ke2 Rg3 63. Ra6 Kd7 64. Ra4 Ke6 65. Ra6+ Ke7 66. Rf6 Rg2+ 67. Kf3 Rd2 68. Ke3 Rg2 69. Rf5 Ke6 70. Re5+ Kd6 71. Re8 Rg3+ 72. Ke2 Kd7 73. Re3 Rg1 74. Re5 Kd6 75. Re8 Kd7 76. Re3 Kd6 77. Ra3 Ke6 78. Ra6+ Ke7 79. Kf3 Kd7 80. f5 Rf1+ 81. Kg4 Rg1+ 82. Kf4 Re1 83. Ra7+ Ke8 84. g6 fxg6 85. fxg6 Kf8 86. Kf5 Rf1+ 87. Ke6 Rg1 88. g7+ Kg8 89. Kxd5 Rd1 90. Kc5 Rc1+ 91. Kd6 Rd1 92. d5 Rd2 93. Re7 Rd1 94. Kc6 Rc1+ 95. Kd7 Rd1 96. d6 Rd2 97. Kc6 Rc2+ 98. Kb5 Rb2+ 99. Kc4 1-0

[Event "Turkey Cup 2020"]
[Site "Antalya-Belek"]
[Date "2020.01.29"]
[Round "6.15"]
[White "Seyhanoglu, Deniz"]
[Black "Karaoglan, Doruk"]
[Result "1/2-1/2"]
[WhiteElo "2087"]
[BlackElo "2222"]
[Annotator "NA"]
[PlyCount "127"]
[EventDate "2020.01.26"]
[EventType "swiss"]
[EventCountry "TUR"]
[SourceTitle "playchess.com"]
[Source "ChessBase"]
[SourceQuality "1"]

1. c4 e5 2. g3 Nc6 3. Bg2 g6 4. Nc3 Bg7 5. e3 d6 6. Nge2 Be6 7. d3 Nge7 8. Nd5 Qd7 9. Rb1 O-O 10. b4 Nd8 11. O-O c6 12. Nxe7+ Qxe7 13. b5 Bd7 14. a4 Ne6 15. Qc2 Rab8 16. Bb2 f5 17. f4 Rbe8 18. Rbe1 g5 19. Bc3 h5 20. d4 gxf4 21. gxf4 exd4 22. Nxd4 Nxd4 23. exd4 Qh4 24. Qf2 Bf6 25. Rxe8 Rxe8 26. Qxh4 Bxh4 27. Rf3 Re2 28. Bb4 Re4 29. Rg3+ Bxg3 30. Bxe4 Bxf4 31. Bf3 Be8 32. Kg2 Kg7 33. Bc3 Kg6 34. h4 d5 35. bxc6 Bxc6 36. Bxd5 Bxd5+ 37. cxd5 Bd6 38. Kf3 f4 39. Ke4 f3 40. Kxf3 Kf5 41. Be1 b6 42. Bg3 Be7 43. d6 Bd8 44. d5 a6 45. d7 b5 46. axb5 axb5 47. Ke3 b4 48. Kd3 b3 49. Kc3 Ke4 50. d6 Kd5 51. Kxb3 Kc6 52. Kc4 Kxd7 53. Kd5 Bf6 54. Be1 Bd8 55. Ke5 Bb6 56. Bg3 Bd8 57. Bf2 Ba5 58. Bg3 Bd8 59. Bf2 Ba5 60. Kd5 Bb4 61. Bg3 Ba3 62. Bf4 Bb4 63. Be5 Ba3 64. Bf4 1/2-1/2

[Event "Turkey Cup 2020"]
[Site "Antalya-Belek"]
[Date "2020.01.29"]
[Round "6.16"]
[White "Ozguner, Hakki Ata"]
[Black "Ozsoy, Alimert"]
[Result "1-0"]
[WhiteElo "2077"]
[BlackElo "2211"]
[Annotator "NA"]
[PlyCount "103"]
[EventDate "2020.01.26"]
[EventType "swiss"]
[EventCountry "TUR"]
[SourceTitle "playchess.com"]
[Source "ChessBase"]
[SourceQuality "1"]

1. d4 d5 2. Bf4 c5 3. e3 cxd4 4. exd4 Nc6 5. c3 Bf5 6. Nd2 e6 7. Qb3 Qd7 8. Ngf3 Nge7 9. h3 h5 10. Be2 Ng6 11. Bh2 Bd6 12. Bxd6 Qxd6 13. O-O O-O 14. Rfe1 Rfd8 15. Bf1 Rac8 16. Qd1 h4 17. Nb3 Qe7 18. Bd3 Bxd3 19. Qxd3 Qf6 20. Nbd2 Re8 21. Nh2 Qd8 22. Ng4 f5 23. Nh2 Qg5 24. Re3 Rcd8 25. Nhf3 Qf6 26. Rae1 Nf4 27. Qf1 g5 28. g3 hxg3 29. fxg3 Nh5 30. Ne5 Nxe5 31. Rxe5 Nxg3 32. Qf3 Ne4 33. Nxe4 dxe4 34. R1xe4 Qf7 35. Re2 Rd6 36. Rg2 Qf6 37. h4 g4 38. Rxg4+ Kf7 39. Rg5 Re7 40. Qh5+ Kf8 41. Rc5 Rd8 42. Kh1 b6 43. Re5 Rg7 44. Qh8+ Kf7 45. Rxg7+ Qxg7 46. Qxd8 Qg3 47. Qd7+ Kf8 48. Qd6+ Kg7 49. Qe7+ Kh8 50. Qf6+ Kh7 51. Qf7+ Kh8 52. Qh5+ 1-0

[Event "Turkey Cup 2020"]
[Site "Antalya-Belek"]
[Date "2020.01.29"]
[Round "6.17"]
[White "Agdelen, Huseyin Can"]
[Black "Caglar, Ahmet Ata"]
[Result "1/2-1/2"]
[WhiteElo "2199"]
[BlackElo "2065"]
[Annotator "NA"]
[PlyCount "51"]
[EventDate "2020.01.26"]
[EventType "swiss"]
[EventCountry "TUR"]
[SourceTitle "playchess.com"]
[Source "ChessBase"]
[SourceQuality "1"]

1. e4 c5 2. Nc3 Nc6 3. Bb5 g6 4. Bxc6 bxc6 5. d3 Bg7 6. f4 d6 7. Nf3 f5 8. e5 Nh6 9. O-O O-O 10. Qe2 Rb8 11. b3 Nf7 12. Kh1 g5 13. Bb2 g4 14. Nd2 dxe5 15. fxe5 Nxe5 16. Na4 Ng6 17. Bxg7 Kxg7 18. Qf2 Qd4 19. Nxc5 Qxf2 20. Rxf2 e5 21. a4 f4 22. Re1 Bf5 23. Nc4 Rbe8 24. Nd6 Re7 25. Kg1 Kf6 26. Nc4 1/2-1/2

[Event "Turkey Cup 2020"]
[Site "Antalya-Belek"]
[Date "2020.01.29"]
[Round "6.18"]
[White "Kilic, Eray"]
[Black "Can, Melih Kaan"]
[Result "1/2-1/2"]
[WhiteElo "2069"]
[BlackElo "2138"]
[Annotator "NA"]
[PlyCount "110"]
[EventDate "2020.01.26"]
[EventType "swiss"]
[EventCountry "TUR"]
[SourceTitle "playchess.com"]
[Source "ChessBase"]
[SourceQuality "1"]

1. Nf3 Nf6 2. c4 c6 3. g3 d5 4. d4 Bf5 5. Bg2 e6 6. O-O Nbd7 7. Nc3 Be7 8. Re1 Ne4 9. Nd2 Nxc3 10. bxc3 Nf6 11. cxd5 exd5 12. c4 O-O 13. Qb3 dxc4 14. Nxc4 Qxd4 15. Bb2 Qd7 16. Rad1 Qe6 17. Qxb7 Rab8 18. Qxc6 Rfc8 19. Qxe6 Bxe6 20. Bxf6 Bxf6 21. Nd6 Rc2 22. Rb1 Rcb2 23. Rxb2 Rxb2 24. a4 h6 25. e3 Kf8 26. Nb5 a5 27. Nd6 Ra2 28. Bc6 Bc3 29. Rc1 Bb4 30. Nc4 Ke7 31. Bb5 Bf5 32. Ne5 f6 33. Nc6+ Kd6 34. Nd4 Bd7 35. Kg2 Bd2 36. Rd1 Bxb5 37. axb5 Kc7 38. Kf3 a4 39. Ke4 a3 40. Kd3 Bb4 41. Nc2 Bd6 42. f4 Rb2 43. Ra1 Rxb5 44. Kc4 Rb2 45. Nxa3 Bxa3 46. Rxa3 Rxh2 47. Ra7+ Kd6 48. Rxg7 Ke6 49. g4 h5 50. Rh7 Rh3 51. f5+ Kd6 52. gxh5 Ke5 53. h6 Kxf5 54. Kd4 Rh4+ 55. Kd3 Kg6 1/2-1/2